000 00600nam a2200229Ia 4500
005 20251020182442.0
008 200515s9999 xx 000 0 und d
020 _a84-95172-34-8
082 _a528.785(93)/M26
100 _aMartín López, José
245 0 _aHistoria de la Cartografía y de la Topografía
260 _aMadrid
260 _bMinisterio de Fomento. Centro Nacional de Informac
260 _c2002
300 _a474 p.
300 _bil., tbl., graf., map., col.
500 _a1 ejemplar
650 _aCARTOGRAFIA
650 _aTOPOGRAFIA
942 _cLIB
999 _c565
_d565